000 00521nam a2200217Ia 4500
003 OSt
005 20220924141539.0
006 a|||||r|||| 00| 0
007 ta
008 220923b |||||||| |||| 00| 0 ben d
024 _a298610
037 _cTextual
040 _aARTS
_cARTS
_bben
041 _2ben
_aben
082 _aO41,3NWJ,1, 157J3
245 0 _aJade snow wong
260 _c1953
650 _aENGLISH LITERATURE
942 _hO41,3NWJ,1, 157J3
_cTEXL
_2CC
999 _c447596
_d447596